000 00826nam a2200289 i 4500
001 bg
100 1 _aWatcyn-Jones, Peter.
245 1 0 _aTest your vocabulary 5 /
_cPeter Watcyn-Jones and Mark Farrell
250 _a4th impr.
260 _aHarlow, England:
_bPearson Education :
_bPenguin Books,
_c2006.
300 _aIV, 108 s. :
_brys. ;
_c24 cm.
490 1 _aTest Your...
500 _aAdvanced.
650 9 _aJęzyk angielski
_xsłownictwo
655 _aPodręczniki
655 _aSprawdziany i testy
830 _aTest Your...
020 _a9780582451704
020 _a0582451701
040 _cBPK
041 0 _aeng
044 _aGBR
080 _a811.111'37(07)
942 _cKS
008 s pl f |000 0 pol
999 _c54449
_d54449